Mystery Taylor Swift Song #28 - Statistics

General Stats
  • This quiz has been taken 1,175 times
    1,096 since last reset
  • The average score is 68 of 138
Answer Stats
Song % Correct
a
95%
I
93%
you
93%
love
92%
an
87%
midnight
87%
the
86%
your
85%
"Your
85%
be
83%
me
82%
we
82%
Midnights
81%
in
79%
on
79%
where
78%
and
77%
it
77%
he
75%
so
75%
were
75%
my
73%
No
71%
To
71%
I'm
70%
that
70%
is
68%
Paris
67%
was
66%
it's
65%
Like
65%
all
64%
at
64%
but
64%
her
64%
Did
63%
see
63%
'Cause
62%
Some
60%
by
59%
didn't
59%
with
59%
if
58%
not
58%
oh
57%
up
57%
out
55%
else
53%
just
53%
somewhere
53%
stop
51%
might
50%
news
49%
sister
49%
wanna
49%
bedroom
48%
breathing
48%
though
48%
yours
47%
ceiling
46%
kissed
46%
champagne
45%
down
45%
Drew
45%
make
45%
Met
45%
thanks
45%
guy
44%
map
44%
photos?"
44%
ages
43%
club
43%
ex-friend's
43%
hooked
43%
outfits
43%
terrible
43%
view
43%
ago
42%
someone
42%
Turns
42%
2003
41%
believe
41%
taken
41%
unbearable
41%
has
40%
wine
40%
Into
39%
keep
38%
that's
38%
wannabe
38%
alleyway
37%
Cheap
37%
forever
37%
only
37%
whole
37%
Z-lister
37%
door
36%
loving
36%
world
36%
Let
35%
mind
35%
drinking
34%
made
34%
Romance
34%
sign
34%
brainwash
33%
dead
33%
lights
33%
pretend
33%
kind
32%
tower
32%
transport
32%
clever
31%
culture's
31%
mean
31%
tree
31%
Privacy
30%
side
30%
under
30%
grown
29%
alleyways
28%
shade
28%
truth
28%
Confess
27%
flashing
27%
letters
27%
page
27%
Yes
27%
cursive
26%
messes
26%
Sit
26%
thrown
26%
Stumbled
24%
swooping
20%
sloping
19%
above
18%
Levitate
18%
quiet
18%
No matching quizzes found
Score Distribution
Percent of People with Each Score
Percentile by Number Answered
Your Score History
You have not taken this quiz since the last reset